000 00875nam a22002297a 4500
003 JO-AjAnu
005 20251013104705.0
008 251013b jo ||||| |||| 00| 0 ara d
020 _a978-9923-46-099-3
022 _a403/1/2024
040 _aANU
_cJO-AjAnu
041 _hARA
100 _aالربيعي، محمود داود
_eمؤلف
_966805
245 _aالقيادة الإدارية في المجال الرياضي
_c / محمود داود الربيعي وآخرون
250 _aالطبعة الاولى
260 _aعمان :
_bدار الوفاق للنشر والتوزيع،
_c2025
300 _a209 صفحة
650 _vالتربية البدنية-إدارة
700 _aالحربي، حذيفة إبراهيم
_eمؤلف مشارك
_966806
700 _aالجميلي، جبار علي
_eمؤلف مشارك
_966807
942 _2lcc
_cBK
_n0
999 _c34073
_d34073